| 000 | 00570nam a22001817a 4500 | ||
|---|---|---|---|
| 008 | 170930s2016 ag||||| |||| 00| 0 spa d | ||
| 082 | 0 | 4 |
_a759.982 _bL724s |
| 100 | 1 |
_aLightowler, María. _96009 |
|
| 245 | 1 | 0 |
_aSantiago García Sáenz / _cMaría Lightowler. |
| 250 | _a1a edición. | ||
| 260 |
_aArgentina : _bLluvia Oficina de CUraduría y Museología, _c[2016]. |
||
| 300 |
_a40 páginas : _bilustraciones en color. |
||
| 653 | 1 | 0 | _aArte contemporáneo |
| 653 | 1 | 0 | _aArte - Argentina |
| 653 | 1 | 0 | _aPintura |
| 653 | 1 | 0 | _aPintores |
| 653 | 1 | 0 | _aBiografías artísticas |
| 999 |
_c1304 _d1304 |
||